| 000 | 00647nam a2200229 a 4500 | ||
|---|---|---|---|
| 001 | BRL_1451 | ||
| 005 | 20190320211219.0 | ||
| 008 | 150114s1960----fr-o######---#000-0#fre-# | ||
| 041 | _afre | ||
| 044 | _afr | ||
| 050 | 4 |
_aGT1748.A35 _b.H56 1960 |
|
| 100 | 1 |
_aHimmelheber, Hans _926962 |
|
| 245 | 1 | 0 |
_aLes masques africains _cpar Hans Himmelheber. |
| 260 |
_aParis _bUniversitaires de France _c1960 |
||
| 300 |
_a47 p. _bil., láminas _c19 cm |
||
| 440 | 0 |
_aMémentos illustrés _926963 |
|
| 500 | _aAu1796 | ||
| 500 | _aEstado físico: Hojas iniciales desprendidas | ||
| 650 | 1 | 4 |
_aMáscaras _zAfrica _926964 |
| 902 | _aGRL | ||
| 942 |
_2lcc _cB |
||
| 999 |
_c10261 _d10261 |
||